000 01758cam a2200361 a 4500
001 13600243
003 ARRUPE
005 20131023170337.0
008 040520s2005 njuab b 001 0 eng
010 _a 2004012196
020 _a1592212751
020 _a9781592212750
020 _a159221276X (pbk.)
020 _a9781592212767 (pbk.)
035 _a(OCoLC)ocm55487440
035 _a(OCoLC)55487440
040 _aDLC
_cDLC
_dYDX
_dVVC
_dOCL
_dBAKER
_dYDXCP
_dDLC
043 _af-rh---
050 0 0 _aDT2981
_b.S55 2005
082 0 0 _a968.91/04
_222
100 1 _aSibanda, Eliakim M.
_92854
245 1 4 _aThe Zimbabwe African People's Union, 1961-87 :
_ba political history of insurgency in Southern Rhodesia /
_cEliakim M. Sibanda.
260 _aTrenton, NJ :
_bAfrica World Press,
_cc2005.
300 _axi, 321 p. :
_bill., maps ;
_c23 cm.
504 _aIncludes bibliographical references and index.
505 0 _aThe land and its people -- Gestation stage: Zapu reincarnation: Sranc and Ndp -- The founding of Zapu, leadership, split and struggle, 1961-69 -- Evaluation, introspection and re-organization: Zapu looks on its inside, 1960-71 -- The storm and then spears turned into plowshares: Zapu goes on military and then peace offensive, 1972-79 -- The best and the worst of times: Zapu post-independence to the time of its demise, 1980-87.
610 2 0 _aZimbabwe African People's Union
_xHistory.
_92855
651 0 _aZimbabwe
_xPolitics and government
_y1965-1979.
_92856
651 0 _aZimbabwe
_xPolitics and government
_y1980-
_92857
906 _a7
_bcbc
_corignew
_d1
_eecip
_f20
_gy-gencatlg
942 _2lcc
_cMONOGRAPH
999 _c118428
_d118428